000 00261nam a2200109Ia 4500
008 200302s9999 xx 000 0 und d
100 _aJoseph Maschek
245 _aAdolf Loos The Art Of Architecture
260 _bI. B. Tauris
260 _c2013
300 _a290 P
999 _c4236
_d4236